| 000 | 00576nam a22001937a 4500 | ||
|---|---|---|---|
| 003 | OSt | ||
| 005 | 20220914214044.0 | ||
| 008 | 220914b |||||||| |||| 00| 0 eng d | ||
| 020 | _a84-89884-29-3 | ||
| 040 | _cBiblioteca Lado V | ||
| 082 |
_a700.1 _bJ61e |
||
| 100 | _aJimenez, Jose | ||
| 245 | _aEl Final del Eclipse/ | ||
| 260 |
_aMadrid _bFundación Telefonica |
||
| 300 |
_a330p. _c25x31cm |
||
| 650 |
_2Tesauro de Arte & Arquitectura _aARTE CONTEMPORANEO |
||
| 650 |
_2Tesauro de Arte & Arquitectura _aTEORIA |
||
| 942 |
_2ddc _c1 _h700.1 _iJ61e _n0 |
||
| 999 |
_c2021 _d2021 |
||